Patrí 3 tisícročie marketingovej komunikácii?

Ústrednou otázkou súčasnej marketingovej komunikácie je platnosť tradičných komunikačných konceptov, ústredným problémom sú spôsoby ako prekonať komunikačné bariéry, ústredným cieľom je nájsť efektívne komunikačné formáty, a napokon ústredným imperatívom je jej marketingová efektivita.

Na minha lista:
Detalhes bibliográficos
Autor principal: Vopálenský, Ján
Formato: Capítulo de Livro
Idioma:eslovaco
Assuntos:
Tags: Adicionar Tag
Sem tags, seja o primeiro a adicionar uma tag!

MARC

LEADER 00000naa a2200000 4500
001 r049545
005 20231004101219.6
041 0 |a slo 
044 |a CZ 
245 1 0 |a Patrí 3 tisícročie marketingovej komunikácii?  |c Ján Vopálenský 
520 |a Ústrednou otázkou súčasnej marketingovej komunikácie je platnosť tradičných komunikačných konceptov, ústredným problémom sú spôsoby ako prekonať komunikačné bariéry, ústredným cieľom je nájsť efektívne komunikačné formáty, a napokon ústredným imperatívom je jej marketingová efektivita. 
610 2 0 |a komunikácia marketingová 
610 2 0 |a technológie informačné 
610 2 0 |a technológie komunikačné 
610 2 0 |a efektívnosť 
610 2 0 |a filozofia 
610 2 0 |a psychológia 
610 2 0 |a nástroje marketingové 
100 1 |a Vopálenský, Ján